[Event "World Junior U20 Girls 2018"]
[Site "Gebze"]
[Date "2018.09.07"]
[Round "3"]
[White "Chitlange Sakshi"]
[Black "Schneider, Jana"]
[Result "1/2-1/2"]
[WhiteElo "2279"]
[BlackElo "2190"]
[Annotator "NA"]
[PlyCount "125"]
[EventDate "2018.09.05"]
[EventType "swiss"]
[EventCountry "TUR"]
[SourceTitle "playchess.com"]
[Source "ChessBase"]
[SourceQuality "1"]
[TimeControl "40/5400+30:1800+30"]

1. d4 {[%emt 0:00:30]} Nf6 {[%emt 0:00:30]} 2. c4 {[%emt 0:00:30]} e6 {[%emt 0:00:00]} 3. Nf3 {[%emt 0:00:00]} d5 {[%emt 0:00:00]} 4. Nc3 {[%emt 0:00:00]} Be7 {[%emt 0:00:30]} 5. Bf4 {[%emt 0:00:30]} O-O {[%emt 0:00:30]} 6. e3 {[%emt 0:00:00]} a6 {[%emt 0:04:30]} 7. cxd5 {[%emt 0:04:00] LiveBook: 40 Games} exd5 {[%emt 0:01:30]} 8. Qc2 {[%emt 0:01:30]} Nbd7 {[%emt 0:01:30]} 9. Be2 {[%emt 0:04:30] D37: Queen's Gambit Declined: 5 Bf4} (9. h3 c5 10. a3 Re8 11. dxc5 Nxc5 12. Rd1 Be6 13. Be2 Rc8 14. Qb1 Nce4 15. Nxe4 Nxe4 16. O-O Bf6 {½-½ (25) Dreev,A (2638)-Miladinovic,I (2556) Kragujevac 2015}) 9... c6 {[%emt 0:01:30]} 10. h3 {[%emt 0:02:30]} Re8 {[%emt 0:01:30]} 11. O-O {[%emt 0:00:30]} Nf8 {[%emt 0:01:30]} 12. Rab1 $146 {[%emt 0:05:30]} ({Predecessor:} 12. Ne5 Ng6 13. Bg3 Bd6 14. f4 c5 15. Bf3 Ne7 16. Bh4 cxd4 17. exd4 {½-½ (56) Brown,A (2245)-Morris,J (2398) Adelaide 2013}) 12... g6 {[%emt 0:04:30]} 13. Bd3 {[%emt 0:00:30]} Ne6 {[%emt 0:00:30]} 14. Be5 {[%emt 0:02:30]} Ng7 {[%emt 0:02:30]} 15. b4 {[%emt 0:26:30]} Bf5 {[%emt 0:23:30]} 16. a4 {[%emt 0:00:30]} Bxd3 {[%emt 0:00:30]} 17. Qxd3 {[%emt 0:00:00]} Nd7 {[%emt 0:14:30]} 18. Bh2 {[%emt 0:04:00]} Nf5 {[%emt 0:01:30]} 19. Rfc1 {[%emt 0:01:30]} Bd6 {[%emt 0:02:30]} 20. b5 {[%emt 0:09:30]} axb5 {[%emt 0:01:30]} 21. axb5 {[%emt 0:00:00]} Bxh2+ {[%emt 0:00:30]} 22. Kxh2 {[%emt 0:00:00]} Nd6 {[%emt 0:00:30]} 23. Ra1 {[%emt 0:04:30]} Nb6 {[%emt 0:07:30]} 24. bxc6 {[%emt 0:02:30]} bxc6 {[%emt 0:00:30]} 25. Nd2 {[%emt 0:03:30]} Qc7 {[%emt 0:06:30]} 26. Kg1 {[%emt 0:00:30]} c5 {[%emt 0:04:30]} 27. Rxa8 {[%emt 0:03:30]} Rxa8 $16 {[%emt 0:00:30]} 28. Nb5 {[%emt 0:02:30]} Nxb5 {[%emt 0:02:30]} 29. Rxc5 {[%emt 0:00:30]} Ra1+ {[%emt 0:03:30]} 30. Nf1 {[%emt 0:00:30]} Qd7 {[%emt 0:00:30]} 31. Rxb5 {[%emt 0:00:30]} Nc4 {[%emt 0:00:30]} 32. Rb1 {[%emt 0:00:30]} Ra2 {[%emt 0:11:30]} 33. Qb3 {[%emt 0:01:30]} Qa7 {[%emt 0:03:30]} 34. Qb8+ {[%emt 0:05:30]} Qxb8 {[%emt 0:00:30]} 35. Rxb8+ {[%emt 0:00:00]} Kg7 {[%emt 0:00:00]} 36. g4 {[%emt 0:01:00]} Kf6 {[%emt 0:04:21]} 37. Kg2 {[%emt 0:02:30]} Nd6 {[%emt 0:01:49]} 38. Ng3 {[%emt 0:01:30]} Nc4 {[%emt 0:00:21]} 39. Rb3 {[%emt 0:01:30]} Kg5 {[%emt 0:01:54]} 40. Rc3 {[%emt 0:00:00]} f5 {[%emt 0:00:00]} 41. gxf5 {[%emt 0:04:00]} gxf5 {[%emt 0:03:05]} 42. Rd3 {[%emt 0:00:30]} Nd2 {[%emt 0:13:30]} 43. Rc3 {[%emt 0:07:30]} Nc4 {[%emt 0:00:30]} 44. Rb3 {[%emt 0:00:30]} h5 {[%emt 0:00:30]} 45. Rb7 {[%emt 0:14:30]} Nxe3+ {[%emt 0:05:30]} 46. Kf3 {[%emt 0:00:00]} Nd1 {[%emt 0:00:30]} 47. Rg7+ {[%emt 0:00:00]} Kh4 {[%emt 0:12:33]} 48. Nxf5+ {[%emt 0:16:30]} Kxh3 {[%emt 0:00:30]} 49. Rg3+ {[%emt 0:00:30]} Kh2 {[%emt 0:00:00]} 50. Rg2+ {[%emt 0:02:30]} Kh3 {[%emt 0:00:00]} 51. Ne3 {[%emt 0:01:30]} Nxe3 {[%emt 0:00:53]} 52. Rg3+ {[%emt 0:00:30]} Kh2 {[%emt 0:00:02]} 53. fxe3 {[%emt 0:03:30]} h4 {[%emt 0:02:20]} 54. Rg5 {[%emt 0:00:30]} h3 {[%emt 0:03:50]} 55. Rxd5 {[%emt 0:00:30]} Kg1 {[%emt 0:02:13]} 56. Rb5 {[%emt 0:00:30]} Ra1 {[%emt 0:00:19]} 57. Rb2 {[%emt 0:00:30]} h2 {[%emt 0:00:30]} 58. Rg2+ {[%emt 0:00:30]} Kh1 {[%emt 0:00:19]} 59. Rg8 {[%emt 0:03:40]} Rf1+ {[%emt 0:01:13]} 60. Ke2 {[%emt 0:03:21]} Re1+ {[%emt 0:00:59]} 61. Kf2 {[%emt 0:03:54]} Re2+ {[%emt 0:00:14]} 62. Kf3 {[%emt 0:02:03]} Rxe3+ {[%emt 0:00:09]} 63. Kxe3 {[%emt 0:00:52]} 1/2-1/2

[Event "World Junior U20 Girls 2018"]
[Site "Gebze"]
[Date "2018.09.07"]
[Round "3"]
[White "Potapova, Margarita"]
[Black "Ozbay, Ece"]
[Result "1-0"]
[WhiteElo "2277"]
[BlackElo "2114"]
[Annotator "NA"]
[PlyCount "113"]
[EventDate "2018.09.05"]
[EventType "swiss"]
[EventCountry "TUR"]
[SourceTitle "playchess.com"]
[Source "ChessBase"]
[SourceQuality "1"]
[TimeControl "40/5400+30:1800+30"]

1. d4 {Fier,A} d5 2. c4 c6 3. Nc3 Nf6 4. e3 Bf5 5. cxd5 cxd5 6. Qb3 Bc8 7. Nf3 e6 8. Ne5 Nc6 {D10: Slav Defence: 3 cxd5 (without early Nf3) and 3 Nc3} 9. f4 Be7 10. Bd3 Nd7 11. O-O Ndxe5 12. fxe5 f6 13. exf6 Bxf6 14. Bd2 O-O {[#]} 15. Be1 $146 Bd7 16. Bg3 Bg5 ({Better is} 16... Na5 $14 17. Qc2 Nc4) 17. Rxf8+ Qxf8 18. Re1 b6 19. a3 Qf6 (19... Qe7 $11 {and Black stays safe.}) 20. Nxd5 Qh6 21. Be4 Rc8 22. Nc7 Na5 23. Qd3 Bh4 24. Rc1 Bb5 25. Bxh7+ Kh8 26. Qe4 Bxg3 27. hxg3 Nb3 28. Rc3 Nd2 29. Qg6 Rf8 30. Qxh6 Rf1+ 31. Kh2 gxh6 32. Nxb5 Kxh7 33. Rc7+ Kg6 $18 34. Nd6 Re1 35. Rxa7 Rxe3 36. g4 Rb3 37. Ne8 Kg5 38. Rg7+ Kf4 39. Nc7 e5 40. d5 Rxb2 41. Ne6+ Ke3 42. d6 Nf3+ 43. Kg3 Ne1 44. d7 Rxg2+ 45. Kh3 Rg1 46. g5 h5 47. Rf7 Nf3 48. Rxf3+ Kxf3 49. Kh2 Rg2+ 50. Kh1 Rd2 51. d8=Q Rxd8 52. Nxd8 e4 53. Nc6 e3 54. g6 Ke4 55. Kg2 h4 56. g7 h3+ 57. Kxh3 1-0

[Event "World Junior U20 Girls 2018"]
[Site "Gebze"]
[Date "2018.09.07"]
[Round "3"]
[White "Alinasab, Mobina"]
[Black "Cramling Bellon, Anna"]
[Result "1-0"]
[WhiteElo "2261"]
[BlackElo "2009"]
[Annotator "NA"]
[PlyCount "71"]
[EventDate "2018.09.05"]
[EventType "swiss"]
[EventCountry "TUR"]
[SourceTitle "playchess.com"]
[Source "ChessBase"]
[SourceQuality "1"]
[TimeControl "40/5400+30:1800+30"]

1. e4 {[%emt 0:00:30]} c5 {[%emt 0:00:30]} 2. Nf3 {[%emt 0:00:00]} e6 {[%emt 0:00:00]} 3. d4 {[%emt 0:01:00]} cxd4 {[%emt 0:00:00]} 4. Nxd4 {[%emt 0:00:00]} Nf6 {[%emt 0:00:30]} 5. Nc3 {[%emt 0:00:00]} Nc6 {[%emt 0:00:00]} 6. g3 {[%emt 0:01:30]} Bb4 {[%emt 0:12:00]} 7. Bg2 {[%emt 0:01:30]} d5 {[%emt 0:07:30]} 8. O-O {[%emt 0:01:30]} O-O {[%emt 0:00:30]} 9. exd5 {[%emt 0:07:30]} exd5 {[%emt 0:13:30]} 10. Bg5 {[%emt 0:14:00]} Bxc3 {[%emt 0:50:00]} 11. bxc3 {[%emt 0:00:30]} h6 {[%emt 0:05:30]} 12. Bf4 {[%emt 0:13:30]} Bg4 {[%emt 0:07:30]} 13. Nxc6 {[%emt 0:02:30]} bxc6 {[%emt 0:00:00]} 14. Qd4 {[%emt 0:01:30]} Be2 {[%emt 0:10:00]} 15. Rfb1 {[%emt 0:00:30]} Qa5 {[%emt 0:02:30]} 16. Bd6 {[%emt 0:00:30]} Rfe8 {[%emt 0:00:30]} 17. Re1 {[%emt 0:08:30]} Bc4 $11 {[%emt 0:04:32]} 18. Be7 {[%emt 0:07:30]} Nd7 {[%emt 0:02:00]} 19. Re3 {[%emt 0:14:30]} Rab8 {[%emt 0:10:13]} 20. Qf4 {[%emt 0:04:30]} Nf8 {[%emt 0:02:29]} 21. Bd6 {[%emt 0:06:30]} Rxe3 {[%emt 0:01:44]} 22. Qxe3 {[%emt 0:01:30]} Rd8 {[%emt 0:00:08]} 23. Bb4 {[%emt 0:03:30]} Qc7 {[%emt 0:00:20]} 24. Bh3 {[%emt 0:02:30]} Ng6 {[%emt 0:02:36]} 25. Re1 {[%emt 0:00:30]} a5 {[%emt 0:01:17]} 26. Bc5 {[%emt 0:00:30]} Rb8 {[%emt 0:00:00]} 27. a3 {[%emt 0:00:30]} Qe5 {[%emt 0:01:34]} 28. f4 {[%emt 0:05:51]} Qxe3+ {[%emt 0:00:31]} 29. Rxe3 {[%emt 0:00:04]} Rb1+ {[%emt 0:00:33]} 30. Kf2 {[%emt 0:00:11]} Rb2 {[%emt 0:00:21]} 31. Bf5 {[%emt 0:02:59]} Rb8 {[%emt 0:00:36]} 32. Bd6 {[%emt 0:01:41]} Rb2 {[%emt 0:00:31]} 33. h4 {[%emt 0:01:52]} h5 {[%emt 0:00:13]} 34. Re8+ {[%emt 0:02:17]} Kh7 {[%emt 0:00:00]} 35. g4 {[%emt 0:00:00]} Kh6 {[%emt 0:00:36]} 36. Rh8+ {[%emt 0:00:00]} 1-0

[Event "World Junior U20 Girls 2018"]
[Site "Gebze"]
[Date "2018.09.07"]
[Round "3"]
[White "Haussernot, Cecile"]
[Black "Stanciu, Ioana-Georgiana"]
[Result "1-0"]
[WhiteElo "2237"]
[BlackElo "2000"]
[Annotator "NA"]
[PlyCount "111"]
[EventDate "2018.09.05"]
[EventType "swiss"]
[EventCountry "TUR"]
[SourceTitle "playchess.com"]
[Source "ChessBase"]
[SourceQuality "1"]
[TimeControl "40/5400+30:1800+30"]

1. e4 c5 2. Nc3 d6 3. f4 g6 4. Nf3 Bg7 5. Bb5+ Bd7 6. Bc4 e6 7. O-O Ne7 8. d3 Nbc6 9. f5 gxf5 10. Ng5 {[%emt 0:10:00]} Ne5 {[%emt 0:40:00]} 11. Qh5 {[%emt 0:00:30]} N7g6 {[%emt 0:00:30]} 12. exf5 {[%emt 0:00:30]} exf5 {[%emt 0:01:30]} 13. Re1 {[%emt 0:04:30]} Kf8 {[%emt 0:24:30]} 14. Rxe5 {[%emt 0:07:30]} Bxe5 $16 {[%emt 0:02:30]} (14... Nxe5 $15 {bleibt weiter vorne.} 15. Bxf7 Qc8) 15. Nxf7 {[%emt 0:00:30]} Qh4 {[%emt 0:01:30]} 16. Qxh4 {[%emt 0:05:30]} Nxh4 {[%emt 0:00:30]} 17. Nxe5 {[%emt 0:00:30]} dxe5 {[%emt 0:00:30]} 18. Bh6+ {[%emt 0:00:30]} Ke8 {[%emt 0:00:30]} 19. Nd5 {[%emt 0:00:30]} Rc8 {[%emt 0:01:30]} 20. Re1 {[%emt 0:05:30]} Ng6 {[%emt 0:03:30]} 21. h4 {[%emt 0:00:30]} b5 {[%emt 0:05:38]} 22. h5 {[%emt 0:00:30]} bxc4 {[%emt 0:05:14]} 23. hxg6 {[%emt 0:00:30]} Be6 {[%emt 0:04:10]} 24. g7 {[%emt 0:00:30]} Rg8 {[%emt 0:00:30]} 25. Nf6+ {[%emt 0:00:30]} Ke7 {[%emt 0:00:30]} 26. Nxg8+ {[%emt 0:00:30]} Rxg8 {[%emt 0:00:30]} 27. Rxe5 {[%emt 0:00:30]} Kd6 {[%emt 0:02:25]} 28. Bf4 {[%emt 0:09:30]} cxd3 {[%emt 0:02:37]} 29. cxd3 {[%emt 0:06:30]} Rxg7 {[%emt 0:01:01]} 30. b4 {[%emt 0:00:00]} cxb4 {[%emt 0:01:39]} 31. Ra5+ {[%emt 0:00:00]} Ke7 {[%emt 0:01:27]} 32. Rxa7+ {[%emt 0:00:30]} Kf6 {[%emt 0:00:00]} 33. Be5+ {[%emt 0:01:30]} Kxe5 {[%emt 0:00:14]} 34. Rxg7 {[%emt 0:00:30]} Bxa2 {[%emt 0:00:30]} 35. Rb7 {[%emt 0:00:30]} b3 {[%emt 0:00:30]} 36. Rb4 {[%emt 0:00:30]} Kd5 {[%emt 0:00:30]} 37. d4 {[%emt 0:00:30]} Ke4 {[%emt 0:00:30]} 38. Kf2 {[%emt 0:00:30]} f4 {[%emt 0:01:50]} 39. Ke2 {[%emt 0:01:30]} h5 {[%emt 0:01:13]} 40. Kd2 {[%emt 0:00:00]} h4 {[%emt 0:00:00]} 41. Kc3 {[%emt 0:01:00]} h3 {[%emt 0:20:28]} 42. gxh3 {[%emt 0:00:30]} f3 {[%emt 0:00:23]} 43. Kd2 {[%emt 0:08:30]} b2 {[%emt 0:01:28]} 44. d5+ {[%emt 0:00:30]} Ke5 {[%emt 0:01:52]} 45. Rxb2 {[%emt 0:00:30]} Bxd5 {[%emt 0:00:05]} 46. Ke3 {[%emt 0:00:00]} Kf5 {[%emt 0:01:43]} 47. Rb5 {[%emt 0:00:00]} Ke6 {[%emt 0:00:06]} 48. h4 {[%emt 0:00:30]} Ba8 {[%emt 0:02:16]} 49. Rb8 {[%emt 0:00:30]} Bd5 {[%emt 0:00:18]} 50. Rf8 {[%emt 0:00:30]} Ke7 {[%emt 0:00:56]} 51. Rf5 {[%emt 0:00:30]} Ke6 {[%emt 0:01:10]} 52. Rf4 {[%emt 0:00:00]} Ke7 {[%emt 0:02:56]} 53. h5 {[%emt 0:00:00]} Bf7 {[%emt 0:00:33]} 54. h6 {[%emt 0:00:00]} Bg6 {[%emt 0:00:00]} 55. Kxf3 {[%emt 0:00:00]} Bh7 {[%emt 0:01:01]} 56. Kg4 {[%emt 0:00:30]} 1-0

[Event "World Junior U20 Girls 2018"]
[Site "Gebze"]
[Date "2018.09.07"]
[Round "3"]
[White "Paramzina, Anastasya"]
[Black "Nastase, Andreea-Cristina"]
[Result "1-0"]
[WhiteElo "2222"]
[BlackElo "1983"]
[Annotator "NA"]
[PlyCount "169"]
[EventDate "2018.09.05"]
[EventType "swiss"]
[EventCountry "TUR"]
[SourceTitle "playchess.com"]
[Source "ChessBase"]
[SourceQuality "1"]
[TimeControl "40/5400+30:1800+30"]

1. e4 {[%emt 0:00:30]} c5 {[%emt 0:02:30]} 2. Nf3 {[%emt 0:00:30]} d6 {[%emt 0:00:00]} 3. d4 {[%emt 0:00:00]} cxd4 {[%emt 0:00:00]} 4. Nxd4 {[%emt 0:00:00]} Nf6 {[%emt 0:00:30]} 5. Nc3 {[%emt 0:00:30]} a6 {[%emt 0:00:30]} 6. h3 {[%emt 0:00:00]} e5 {[%emt 0:00:30]} 7. Nde2 {[%emt 0:00:00]} Nc6 {[%emt 0:01:30] B90: Sicilian Najdorf: Unusual White 6th moves, 6 Be3 Ng4 and 6 Be3 e5} (7... b5 8. Ng3 Qc7 9. Bd3 g6 10. Bg5 Nbd7 11. O-O Bg7 12. a4 bxa4 13. Rxa4 O-O 14. Qd2 Bb7 15. Ra3 Nc5 16. Bxf6 Bxf6 {1-0 (52) Harikrishna,P (2739)-Kokarev,D (2608) Linares 2018}) 8. g4 {[%emt 0:00:30]} h6 {[%emt 0:04:30]} 9. Bg2 {[%emt 0:03:30]} Be7 {[%emt 0:02:30]} 10. O-O {[%emt 0:02:30]} O-O {[%emt 0:02:30]} 11. Be3 {[%emt 0:02:30]} Be6 {[%emt 0:11:30]} 12. Nd5 $146 {[%emt 0:02:30]} ({Predecessor:} 12. Ng3 Ne8 13. Nf5 Bg5 14. Qd2 Bxe3 15. Qxe3 Bxf5 16. exf5 {½-½ (40) Pletnev,E (2294)-Ljamin,V (2187) Moscow 2013}) 12... Bxd5 {[%emt 0:04:30]} 13. exd5 {[%emt 0:15:30]} Nb8 {[%emt 0:34:30]} 14. a4 {[%emt 0:00:30]} Nh7 {[%emt 0:03:30]} 15. Ra3 {[%emt 0:04:30]} Nd7 {[%emt 0:02:30]} 16. Ng3 {[%emt 0:09:30]} Re8 {[%emt 0:10:30]} 17. Nf5 {[%emt 0:03:30]} Bf8 {[%emt 0:00:30]} 18. Bc1 {[%emt 0:08:30]} Nb6 {[%emt 0:05:30]} 19. a5 {[%emt 0:03:30]} Nc8 {[%emt 0:00:30]} 20. c4 {[%emt 0:16:30]} Ne7 $14 {[%emt 0:02:30]} 21. Be4 {[%emt 0:02:30]} Nxf5 {[%emt 0:03:30]} 22. Bxf5 {[%emt 0:02:30]} g6 {[%emt 0:00:30]} 23. Bc2 {[%emt 0:00:30]} Rc8 {[%emt 0:00:30]} 24. Qe2 {[%emt 0:00:30]} Qc7 {[%emt 0:00:30]} 25. Ra4 {[%emt 0:00:30]} Qe7 {[%emt 0:00:30]} 26. Kg2 {[%emt 0:03:30]} Rc7 {[%emt 0:08:30]} 27. Be3 {[%emt 0:01:30]} Nf6 {[%emt 0:05:30]} 28. Rh1 {[%emt 0:05:30]} Rec8 {[%emt 0:01:30]} 29. Bb1 {[%emt 0:02:30]} Qd7 {[%emt 0:01:30]} 30. Rb4 {[%emt 0:00:30]} Ra8 {[%emt 0:02:30]} 31. Bb6 {[%emt 0:03:30]} Rcc8 {[%emt 0:00:30]} 32. Rb3 {[%emt 0:07:25]} Qa4 {[%emt 0:01:29]} 33. Rf3 {[%emt 0:00:05]} Nd7 {[%emt 0:00:51]} 34. b3 {[%emt 0:00:30]} Qb4 {[%emt 0:00:01]} 35. Be3 {[%emt 0:00:24]} Qxa5 {[%emt 0:04:09]} 36. h4 {[%emt 0:00:28]} Bg7 {[%emt 0:05:35]} 37. Qc2 {[%emt 0:06:14]} Re8 {[%emt 0:02:54]} 38. h5 {[%emt 0:00:38]} e4 {[%emt 0:00:47]} 39. Rf4 {[%emt 0:00:06]} g5 {[%emt 0:03:50]} 40. Rxe4 {[%emt 0:00:00]} Nf8 {[%emt 0:00:00]} 41. Bd2 {[%emt 0:08:10]} Qd8 {[%emt 0:06:24]} 42. Rhe1 {[%emt 0:00:30]} Qd7 {[%emt 0:01:30]} 43. Bb4 {[%emt 0:03:30]} Rxe4 {[%emt 0:00:30]} 44. Qxe4 {[%emt 0:01:30]} b5 {[%emt 0:02:30]} 45. c5 {[%emt 0:01:30]} dxc5 {[%emt 0:00:30]} 46. Bxc5 {[%emt 0:00:30]} Rd8 {[%emt 0:00:30]} 47. Rd1 {[%emt 0:05:30]} Rc8 {[%emt 0:01:30]} 48. Bb4 {[%emt 0:00:30]} Re8 {[%emt 0:03:30]} 49. Qf5 {[%emt 0:00:30]} Qxf5 {[%emt 0:06:56]} 50. Bxf5 {[%emt 0:00:30]} Bf6 {[%emt 0:00:08]} 51. d6 {[%emt 0:05:29]} Ra8 {[%emt 0:03:57]} 52. d7 {[%emt 0:01:50]} a5 {[%emt 0:00:30]} 53. Bd6 {[%emt 0:01:59]} Ne6 {[%emt 0:01:57]} 54. Be4 {[%emt 0:09:12]} Ra6 {[%emt 0:00:52]} 55. Kf3 {[%emt 0:01:10]} a4 {[%emt 0:00:27]} 56. bxa4 {[%emt 0:00:42]} bxa4 {[%emt 0:00:42]} 57. Ba3 {[%emt 0:00:10]} Rb6 {[%emt 0:01:03]} 58. Bd5 {[%emt 0:00:11]} Kg7 {[%emt 0:02:00]} 59. Ke4 {[%emt 0:00:17]} Nd8 {[%emt 0:00:28]} 60. Rc1 {[%emt 0:00:30]} Ra6 {[%emt 0:02:13]} 61. Rc7 {[%emt 0:00:40]} Rb6 {[%emt 0:00:19]} 62. Ra7 {[%emt 0:01:18]} Rb1 {[%emt 0:00:24]} 63. Rxa4 {[%emt 0:00:12]} Re1+ {[%emt 0:01:24]} 64. Kd3 {[%emt 0:00:12]} Rd1+ {[%emt 0:00:00]} 65. Ke4 {[%emt 0:00:46]} Re1+ {[%emt 0:00:02]} 66. Kf3 {[%emt 0:00:00]} Rd1 {[%emt 0:00:59]} 67. Ra5 {[%emt 0:00:08]} Bc3 {[%emt 0:01:21]} 68. Rc5 {[%emt 0:01:41]} Be5 {[%emt 0:01:05]} 69. Ke2 {[%emt 0:01:44]} Ra1 {[%emt 0:00:55]} 70. Ra5 {[%emt 0:00:15]} Bc3 {[%emt 0:01:09]} 71. Ra8 {[%emt 0:00:42]} Re1+ {[%emt 0:00:05]} 72. Kf3 {[%emt 0:00:55]} Bf6 {[%emt 0:00:38]} 73. Bb2 {[%emt 0:00:21]} Rd1 {[%emt 0:00:30]} 74. Bxf6+ {[%emt 0:01:23]} Kxf6 {[%emt 0:00:04]} 75. Ke4 {[%emt 0:00:34]} Ke7 {[%emt 0:00:12]} 76. Ra6 {[%emt 0:00:17]} Rd2 {[%emt 0:03:13]} 77. f3 {[%emt 0:00:11]} f6 {[%emt 0:00:59]} 78. Ba8 {[%emt 0:00:44]} Rxd7 {[%emt 0:01:31]} 79. Kf5 {[%emt 0:00:07]} Rd4 {[%emt 0:00:49]} 80. Kg6 {[%emt 0:00:55]} Ne6 {[%emt 0:00:30]} 81. Ra7+ {[%emt 0:00:47]} Kd6 {[%emt 0:00:11]} 82. Kxh6 {[%emt 0:00:00]} Ke5 {[%emt 0:00:33]} 83. Ra5+ {[%emt 0:00:08]} Kd6 {[%emt 0:00:24]} 84. Kg6 {[%emt 0:00:03]} Rf4 {[%emt 0:00:51]} 85. h6 {[%emt 0:00:40]} 1-0

[Event "World Junior U20 Girls 2018"]
[Site "Gebze"]
[Date "2018.09.07"]
[Round "3"]
[White "Altantuya, Boldbaatar"]
[Black "Aubert, Laurane"]
[Result "1-0"]
[WhiteElo "2210"]
[BlackElo "1970"]
[Annotator "NA"]
[PlyCount "73"]
[EventDate "2018.09.05"]
[EventType "swiss"]
[EventCountry "TUR"]
[SourceTitle "playchess.com"]
[Source "ChessBase"]
[SourceQuality "1"]
[TimeControl "40/5400+30:1800+30"]

1. d4 {[%emt 0:00:30]} d5 {[%emt 0:00:30]} 2. c4 {[%emt 0:00:30]} e6 {[%emt 0:00:30]} 3. Nf3 {[%emt 0:00:00]} Nf6 {[%emt 0:00:00]} 4. cxd5 {[%emt 0:00:00]} exd5 {[%emt 0:00:00]} 5. Bg5 {[%emt 0:00:30]} Bb4+ {[%emt 0:02:30]} 6. Nc3 {[%emt 0:02:30]} Nbd7 {[%emt 0:08:30]} 7. e3 {[%emt 0:02:30]} h6 {[%emt 0:07:30]} 8. Bh4 {[%emt 0:03:30]} g5 {[%emt 0:04:30]} 9. Bg3 {[%emt 0:00:30]} Ne4 {[%emt 0:00:30]} 10. Qc2 {[%emt 0:07:30]} h5 {[%emt 0:28:00]} 11. Bd3 {[%emt 0:22:30]} h4 {[%emt 0:21:30]} 12. Bxe4 {[%emt 0:01:30]} hxg3 {[%emt 0:00:30]} 13. Bxd5 {[%emt 0:00:30]} Bxc3+ {[%emt 0:04:30]} 14. bxc3 $11 {[%emt 0:02:30]} Nf6 $2 {[%emt 0:00:30]} (14... g4 $1 $14) 15. Bb3 {[%emt 0:03:30]} gxf2+ {[%emt 0:01:30]} 16. Qxf2 {[%emt 0:00:30]} Ne4 {[%emt 0:02:30]} 17. Qc2 {[%emt 0:03:30]} Bf5 {[%emt 0:03:30]} 18. Ne5 {[%emt 0:14:30]} Nd6 {[%emt 0:15:30]} 19. Bxf7+ {[%emt 0:22:30]} Kf8 {[%emt 0:11:21]} 20. Qf2 {[%emt 0:01:30]} Kg7 {[%emt 0:04:06]} 21. O-O {[%emt 0:01:30]} Qe7 {[%emt 0:01:46]} 22. Bb3 {[%emt 0:02:30]} Raf8 {[%emt 0:00:28]} 23. Qb2 {[%emt 0:06:25]} g4 {[%emt 0:01:51]} 24. Rf4 {[%emt 0:11:40]} Qh4 {[%emt 0:01:56]} 25. g3 {[%emt 0:01:44]} Qh3 {[%emt 0:01:17]} 26. Nf7 {[%emt 0:02:34]} Nxf7 {[%emt 0:01:14]} 27. Rxf5 {[%emt 0:00:52]} Nd6 {[%emt 0:00:25]} 28. Rg5+ {[%emt 0:00:54]} Kh6 {[%emt 0:00:41]} 29. Re5 {[%emt 0:00:23]} Nf5 {[%emt 0:00:44]} 30. Qg2 {[%emt 0:00:37]} Qh5 {[%emt 0:00:34]} 31. e4 {[%emt 0:00:21]} Qg5 {[%emt 0:00:34]} 32. exf5 {[%emt 0:00:30]} Rxf5 {[%emt 0:00:19]} 33. Rxf5 {[%emt 0:00:11]} Qxf5 {[%emt 0:00:35]} 34. Rf1 {[%emt 0:00:05]} Qg5 {[%emt 0:00:04]} 35. Qe4 {[%emt 0:00:25]} c6 {[%emt 0:01:03]} 36. Qe6+ {[%emt 0:00:10]} Kh7 {[%emt 0:00:32]} 37. Rf7+ {[%emt 0:00:06]} 1-0

[Event "World Junior U20 Girls 2018"]
[Site "Gebze"]
[Date "2018.09.07"]
[Round "3"]
[White "Ghukasyan, Siranush"]
[Black "Assaubayeva, Bibisara"]
[Result "1/2-1/2"]
[WhiteElo "2205"]
[BlackElo "2371"]
[Annotator "ChessBase"]
[PlyCount "113"]
[EventDate "2018.09.05"]
[EventType "swiss"]
[EventCountry "TUR"]
[SourceTitle "playchess.com"]
[Source "ChessBase"]
[SourceQuality "1"]
[TimeControl "40/5400+30:1800+30"]

1. e4 {[%emt 0:04:30]} e5 {[%emt 0:00:30]} 2. Nf3 {[%emt 0:00:00]} Nc6 {[%emt 0:00:00]} 3. Bb5 {[%emt 0:00:00]} a6 {[%emt 0:00:00]} 4. Ba4 {[%emt 0:00:30]} Nf6 {[%emt 0:00:30]} 5. d3 {[%emt 0:00:30]} d6 {[%emt 0:00:30]} 6. c3 {[%emt 0:00:30]} g6 {[%emt 0:00:30]} 7. O-O {[%emt 0:00:30]} Bg7 {[%emt 0:00:00]} 8. Nbd2 {[%emt 0:00:30]} O-O {[%emt 0:00:00]} 9. Re1 {[%emt 0:00:30]} b5 {[%emt 0:03:30]} 10. Bc2 {[%emt 0:01:30]} Bb7 {[%emt 0:01:30]} 11. d4 {[%emt 0:08:30]} Re8 {[%emt 0:03:30]} 12. a3 {[%emt 0:05:30]} Nb8 {[%emt 0:03:30]} 13. b3 {[%emt 0:11:30]} exd4 {[%emt 0:00:00]} 14. cxd4 {[%emt 0:00:30]} c5 {[%emt 0:10:00]} 15. Bb2 {[%emt 0:00:30]} cxd4 {[%emt 0:01:30]} 16. Bxd4 {[%emt 0:01:30]} Nc6 {[%emt 0:02:30]} 17. Bb2 {[%emt 0:04:30]} Qb6 {[%emt 0:01:30]} 18. Re2 {[%emt 0:12:30]} Rad8 {[%emt 0:06:30]} 19. Qe1 {[%emt 0:02:30]} Ng4 {[%emt 0:04:30]} 20. Bxg7 {[%emt 0:00:30]} Kxg7 {[%emt 0:00:00]} 21. Rd1 {[%emt 0:09:30]} Nge5 {[%emt 0:03:00]} 22. b4 {[%emt 0:06:30]} a5 {[%emt 0:03:30]} 23. Nf1 {[%emt 0:02:30]} Nxf3+ {[%emt 0:00:30]} 24. gxf3 {[%emt 0:00:30]} axb4 {[%emt 0:00:30]} 25. axb4 {[%emt 0:00:30]} Kg8 {[%emt 0:06:30]} 26. Qd2 {[%emt 0:13:31]} Ne5 {[%emt 0:10:30]} 27. Qf4 {[%emt 0:01:23]} f5 {[%emt 0:03:30]} 28. Bb3+ {[%emt 0:02:01]} Kg7 {[%emt 0:01:30]} 29. Bd5 {[%emt 0:03:29]} Rf8 {[%emt 0:05:30]} 30. Qe3 {[%emt 0:01:38]} Qxe3 {[%emt 0:05:30]} 31. Rxe3 {[%emt 0:00:30]} Bc8 {[%emt 0:00:30]} 32. Nd2 {[%emt 0:01:48]} fxe4 {[%emt 0:02:30]} 33. fxe4 {[%emt 0:00:28]} Bg4 {[%emt 0:03:16]} 34. Rc1 {[%emt 0:00:38]} Rf4 {[%emt 0:02:36]} 35. h3 {[%emt 0:01:25]} Bh5 {[%emt 0:03:47]} 36. Kg2 {[%emt 0:02:38]} Rdf8 {[%emt 0:00:53]} 37. Rf1 {[%emt 0:00:01]} Bf3+ {[%emt 0:02:22]} 38. Nxf3 {[%emt 0:01:20]} Nxf3 {[%emt 0:00:27]} 39. Rd3 {[%emt 0:00:44]} g5 {[%emt 0:01:17]} 40. Kg3 {[%emt 0:00:00]} h5 {[%emt 0:00:00]} 41. Rc1 {[%emt 0:04:26]} Ne5 {[%emt 0:04:52]} 42. Rd2 {[%emt 0:01:30]} Rf3+ {[%emt 0:00:30]} 43. Kg2 {[%emt 0:00:30]} Nd3 {[%emt 0:07:30]} 44. Rc7+ {[%emt 0:02:30]} Kh6 {[%emt 0:00:30]} 45. e5 {[%emt 0:06:31]} Nf4+ {[%emt 0:09:30]} 46. Kg1 {[%emt 0:03:32]} Nxh3+ {[%emt 0:06:20]} 47. Kh2 {[%emt 0:00:18]} Rxf2+ {[%emt 0:02:15]} 48. Rxf2 {[%emt 0:00:20]} Nxf2 {[%emt 0:00:31]} 49. exd6 {[%emt 0:01:23]} Ng4+ {[%emt 0:01:14]} 50. Kg3 {[%emt 0:01:00]} Ne5 {[%emt 0:02:41]} 51. Be4 {[%emt 0:11:23]} Nf7 {[%emt 0:04:34]} 52. Re7 {[%emt 0:01:58]} g4 {[%emt 0:03:07]} 53. Re6+ {[%emt 0:02:29]} Kg7 {[%emt 0:00:30]} 54. Rg6+ {[%emt 0:00:00]} Kh8 {[%emt 0:00:00]} 55. Rf6 {[%emt 0:00:03]} Kg7 {[%emt 0:00:36]} 56. Rg6+ {[%emt 0:00:59]} Kh8 {[%emt 0:00:04]} 57. Rf6 {[%emt 0:00:31]} 1/2-1/2